000 01041nam a2200289 i 4500
003 EG-GICUC
005 20260414093449.0
008 260414s1973 ua |||fr|||| 00| 0 ara d
040 _a EG-GICUC
_bara
_c EG-GICUC
_d EG-GICUC
_erda
082 0 4 _221
_a343.6
_bع ب . ع
092 0 4 _221
099 _aLaw1 10 343.6 ع ب . ع 1973
100 1 _aعبد الفتاح مصطفي الصيفي
_eمؤلف.
245 1 0 _aعلم الاجرام :
_bدراسة حول ذاتيته، ومنهجه، ونظرياته
_cعبد الفتاح مصطفي الصيفي.
264 _a[د.م]
_b[د.ن]
_c1973.
300 _a286 صفحة ؛
_c24 سم
336 _2rda content
_atext
337 _2rda media
_aComputer
338 _2rda carrier
_aOnline Resource
504 _a. 240-220 ببليوجرافيا: صفحات.
546 _aالنص باللغة العربية
650 1 4 _aعلم الاجرام
_2qrmak
651 1 _2qrmak
856 4 0 _uhttps://fll.law.cu.edu.eg/fulltext/bks/B10-09127.pdf
905 _a161
942 _2ddc
_cBK
_e21
_n0
999 _c70747
_d70747